|
|
|
|
| LEADER |
00727ncm a22002052a 4500 |
| 001 |
001216929 |
| 003 |
CZ BrMZK |
| 005 |
20120528111803.0 |
| 007 |
qu |
| 008 |
120528s1905 xxu|||||||||||||||||eng d |
| 040 |
|
|
|a BOA001
|b cze
|
| 072 |
|
7 |
|a 786
|x Hudba pro klávesové nástroje
|2 Konspekt
|9 9
|
| 100 |
1 |
|
|a Bülow, Hans von,
|d 1830-1894
|7 ola2002157992
|4 cmp
|
| 245 |
1 |
0 |
|a Applied piano technic
|h [hudebnina] :
|b 300 extracts for daily practice from standard works of piano literature /
|c Hans von Bülow
|
| 260 |
|
|
|a Bosworth :
|b Allan,
|c [1905?]
|
| 300 |
|
|
|a 63 s.
|
| 910 |
|
|
|a BOA001
|b Mus4-0397.817
|
| 990 |
|
|
|a MU
|
| 991 |
|
|
|b 201205
|
| 996 |
6 |
|
|b 2619621133
|c Mus4-0397.817
|l MZK
|r Sklad / do 1 hodiny
|n 0
|w 001250608
|u 000010
|a 1
|e BOA001
|j MZK50
|s P
|